Extreme United States Immigration by Country - Statistics

General Stats
  • This quiz has been taken 429 times
  • The average score is 117 of 143
Answer Stats
# Immigrants Country % Correct
11,489,684 Mexico
99%
733,339 United Kingdom
98%
3,181,642 China
96%
2,661,470 India
96%
825,040 Canada
95%
189,395 France
95%
215,239 Argentina
94%
459,876 Brazil
94%
340,419 Italy
94%
411,537 Russia
94%
1,337,371 Cuba
93%
351,166 Japan
93%
406,509 Pakistan
93%
1,083,794 South Korea
93%
115,243 Chile
92%
798,294 Colombia
92%
203,205 Egypt
92%
563,411 Germany
92%
403,136 Iran
92%
230,469 Iraq
92%
426,937 Poland
92%
176,315 Portugal
92%
120,608 Spain
92%
255,141 Venezuela
92%
96,426 Australia
91%
737,058 Haiti
91%
122,529 Ireland
91%
525,527 Peru
91%
56,279 Sweden
91%
1,368,746 Vietnam
91%
1,173,662 Dominican Republic
90%
23,626 Finland
90%
163,819 Greece
90%
1,070,743 Guatemala
90%
145,719 Israel
90%
309,699 Nigeria
90%
31,180 Norway
90%
125,329 Panama
90%
2,047,269 Philippines
90%
409,480 Turkey
90%
414,206 Ukraine
90%
39,854 Belgium
89%
1,429,155 El Salvador
89%
655,995 Honduras
89%
79,646 Morocco
89%
192,040 Romania
89%
109,110 South Africa
89%
21,201 Algeria
88%
112,873 Indonesia
88%
107,333 Netherlands
88%
302,845 Nicaragua
88%
91,663 Syria
88%
516,236 Ecuador
87%
759,172 Jamaica
87%
34,307 Paraguay
87%
41,382 Serbia
87%
56,230 Uruguay
87%
55,214 Austria
86%
240,404 Bangladesh
86%
34,123 Denmark
86%
36,885 New Zealand
86%
80,026 Afghanistan
85%
196,003 Cambodia
85%
99,285 Costa Rica
85%
323,052 Guyana
85%
10,448 Libya
85%
100,433 Somalia
85%
289,346 Thailand
85%
79,514 Bulgaria
84%
239,186 Ethiopia
84%
31,199 Kazakhstan
84%
230,858 Laos
84%
46,906 Switzerland
84%
49,289 Yemen
84%
127,280 Lebanon
83%
94,883 Saudi Arabia
83%
48,947 Sudan
83%
58,472 Belize
82%
93,442 Bolivia
82%
81,926 Czech Republic
82%
27,601 Democratic Republic of the Congo
82%
11,970 Estonia
82%
27,172 Latvia
82%
145,165 Myanmar
82%
15,975 Suriname
82%
137,688 Bosnia and Herzegovina
81%
48,534 Croatia
81%
135,187 Kenya
81%
42,600 Lithuania
81%
77,647 Malaysia
81%
99,205 Albania
80%
101,757 Armenia
80%
65,327 Belarus
80%
173,952 Ghana
80%
10,437 Slovenia
80%
85,053 Hungary
79%
81,375 Jordan
79%
114,120 Nepal
79%
13,411 United Arab Emirates
79%
39,420 Bahamas
78%
29,293 Georgia
78%
66,093 Uzbekistan
78%
23,715 Azerbaijan
77%
34,965 Dominica
77%
54,259 Tanzania
77%
15,192 Angola
76%
57,135 Sri Lanka
76%
276,440 Trinidad and Tobago
76%
130,541 Tunisia
76%
2,489 Turkmenistan
76%
63,152 Barbados
75%
6,125 Iceland
75%
45,695 Senegal
75%
5,186 Tajikistan
75%
49,354 Uganda
75%
6,607 Kyrgyzstan
74%
20,632 Saint Kitts and Nevis
74%
27,320 Saint Vincent and the Grenadines
73%
39,018 Singapore
73%
59,895 Zimbabwe
73%
30,256 North Macedonia
71%
25,244 Saint Lucia
71%
34,208 Antigua and Barbuda
70%
53,185 Cameroon
70%
38,501 Grenada
70%
21,956 Guinea
70%
32,208 Kuwait
70%
92,311 Liberia
70%
47,437 Moldova
70%
26,841 Zambia
70%
50,561 Fiji
68%
2,881 Luxembourg
68%
39,234 Eritrea
67%
20,201 Samoa
66%
22,050 Cyprus
65%
31,114 Ivory Coast
65%
9,032 Malta
64%
45,031 Sierra Leone
61%
21,221 Tonga
60%
8,708 Federated States of Micronesia
54%
25,007 Gambia
54%
7,761 Marshall Islands
51%
43,729 Cape Verde
47%
No matching quizzes found
Score Distribution
Percent of People with Each Score
Percentile by Number Answered
Your Score History
You have not taken this quiz